000
00281nam a22001337a 4500
008
181020b xxu||||| |||| 00| 0 eng d
020
_a
0721687342
041
_a
eng
080
_a
617
100
_a
8
101
_a
ORT
245
_a
The Child's Foot
_c
Tachdjian
942
_2
udc
_c
BK
999
_c
50307
_d
50307